000 01003nmc a2200349 a 4500
003 AR-BaBNM
005 20251128205948.0
008 011101s1998 ||||||||||||||000 | spa||
020 _a950-753-042-8
040 _cAR-BaBNM
100 1 _aLongoni, Ana
245 1 0 _aDe los poetas malditos al videoclip
_barte y literatura de vanguardia
250 _a1ª ed.
260 _aBuenos Aires
_bCántaro Editores
_c1998
300 _a182 p.
490 0 _aEl caldero. Actualización docente
500 _aContiene glosario en p. 169
504 _aContiene referencias bibliográficas en p. 173
650 4 _aLITERATURA ARGENTINA
650 4 _aSOCIOLOGIA CULTURAL
650 4 _aCRITICA LITERARIA
650 4 _aESCRITORES
650 4 _aESTETICA
650 4 _aCRITICA DE ARTE
653 _aENSENANZA DE LA LITERATURA
653 _aVANGUARDIAS LITERARIAS
655 _aLITERATURA
700 1 _aSantoni, Ricardo
800 1 _aAlvarado, Maite
_edirector
942 _cBK
998 _cMARTIN
999 _c13500
_d13500